S06 駅名クイズ - JR九州 ver. - Statistics

General Stats
  • This quiz has been taken 350 times
    272 since last reset
  • The average score is 261 of 637
Answer Stats
Number Answer % Correct
| 00 博多
99%
熊本
98%
鹿児島
97%
| JH02 新鳥栖
96%
鹿児島中央
96%
長崎
96%
| JB17 久留米
95%
新八代
92%
川内
92%
武雄温泉
92%
JA28 | JA51 | JF01 | JI01 小倉
92%
| JB21 筑後船小屋
91%
JA29 | JA52 門司
90%
JA31 門司港
90%
JB15 | JH01 鳥栖
90%
宮崎
90%
大分
89%
新水俣
88%
出水
88%
新大牟田
86%
新玉名
86%
諫早
86%
嬉野温泉
85%
JA27 | JF02 | JI02 西小倉
83%
JB27 大牟田
83%
JA53 下関
82%
JA04 | JD06 香椎
82%
八代
82%
JA19 | JA19JC26 | JE01 折尾
81%
JB10 | JG05 原田
81%
佐世保
81%
宮崎空港
81%
別府
80%
新大村
79%
| JH08 佐賀
79%
JK20 唐津
79%
JA21 黒崎
78%
大村
77%
JA01 | JC01 吉塚
75%
JK21 西唐津
75%
JB03 南福岡
74%
指宿
74%
枕崎
74%
JE06 若松
74%
JA22 八幡
73%
JA11 福間
73%
JB08 二日市
73%
JA14 赤間
72%
JB28 荒尾
72%
JK01 姪浜
72%
日田
72%
JA23 スペースワールド
71%
JF10 行橋
71%
中津
70%
ハウステンボス
70%
JC13 飯塚
69%
延岡
69%
JA25 戸畑
68%
JB01 竹下
68%
JB12 基山
68%
玉名
68%
JK08 筑前前原
68%
都城
68%
JB25 吉野
67%
JA02 箱崎
66%
JC19 直方
66%
江北
66%
JA30 小森江
65%
上熊本
65%
佐伯
65%
南宮崎
65%
三角
65%
JA09 古賀
64%
JA06 福工大前
64%
JA05 九産大前
63%
JA03 千早
62%
JB05 大野城
62%
宇土
62%
伊万里
62%
宇佐
62%
JD16 宇美
62%
人吉
62%
志布志
62%
早岐
61%
由布院
61%
JI14 | JJ06 田川後藤寺
61%
JA07 新宮中央
60%
JB04 春日
60%
肥前鹿島
60%
JA17 遠賀川
59%
JB20 羽犬塚
59%
JC14 | JJ01 新飯塚
59%
臼杵
59%
JD01 西戸崎
59%
JA08 ししぶ
58%
JC11 | JG01 桂川
58%
JC04 | JD11 長者原
58%
西大分
58%
JA18 水巻
57%
JA26 九州工大前
56%
JC06 篠栗
56%
杵築
56%
西大山
56%
阿蘇
56%
日南
56%
JA13 東郷
55%
JA12 東福間
55%
JB07 都府楼南
55%
宗太郎
55%
JA24 枝光
54%
JB02 笹原
54%
伊集院
54%
JF04 | JI04 城野
54%
別府大学
54%
JD02 海ノ中道
54%
夜明
54%
JB26 銀水
53%
串木野
53%
有田
53%
JF03 | JI03 南小倉
53%
JA20 陣原
52%
JH05 吉野ケ里公園
52%
JK04 九大学研都市
52%
津久見
51%
南延岡
51%
JA16 海老津
50%
バルーンさが
50%
JF08 苅田
50%
隼人
50%
田吉
50%
肥後大津
50%
水前寺
50%
JB16 肥前旭
49%
西熊本
49%
肥前浜
49%
浦上
49%
西都城
49%
吉松
49%
JA15 教育大前
48%
JB06 水城
48%
JC24 中間
48%
日向市
48%
添田
48%
市来
47%
山本
47%
日出
47%
南熊本
47%
JB18 荒木
46%
久保田
46%
東別府
46%
高鍋
46%
国分
46%
JB09 天拝山
45%
JK17 虹ノ松原
45%
JK18 東唐津
45%
JD05 和白
45%
山川
45%
新水前寺
45%
長与
44%
JF07 朽網
44%
えびの
44%
JA10 千鳥
43%
JB11 けやき台
43%
田原坂
43%
JH06 神埼
43%
JK07 糸島高校前
43%
南鹿児島
43%
多久
43%
うきは
43%
豊後森
43%
南大分
43%
豊後竹田
43%
JB14 田代
42%
鍋島
42%
都農
42%
霧島神宮
42%
姶良
42%
頴娃
42%
柳ケ浦
41%
宮崎神宮
41%
久留米大学前
41%
長洲
40%
崇城大学前
40%
JH03 肥前麓
40%
JI13 田川伊田
40%
JB22 瀬高
39%
植木
39%
松橋
39%
新田原
39%
北延岡
39%
39%
喜入
39%
大山
39%
小林
39%
JB13 弥生が丘
38%
南荒尾
38%
神村学園前
38%
上伊集院
38%
JC10 筑前大分
38%
喜々津
38%
JK12 筑前深江
38%
南行橋
38%
築城
38%
宇島
38%
鶴崎
38%
仙巌園
38%
大畑
38%
大村車両基地
38%
光の森
38%
JC02 柚須
37%
現川
37%
JK02 下山門
37%
JF05 安部山公園
37%
JF09 小波瀬西工大前
37%
東中津
37%
亀川
37%
宮地
37%
立野
37%
多良
36%
JK05 周船寺
36%
重岡
36%
JD03 雁ノ巣
36%
西頴娃
36%
大分大学前
36%
JI10 採銅所
36%
川尻
35%
隈之城
35%
JC08 城戸南蔵院前
35%
JF06 下曽根
35%
JD07 香椎神宮
35%
久留米高校前
35%
JB19 西牟田
34%
JB23 南瀬高
34%
東諫早
34%
西諫早
34%
JK03 今宿
34%
JK06 波多江
34%
吉富
34%
中山香
34%
34%
佐土原
34%
JD10 伊賀
34%
JD13 須恵
34%
谷山
34%
JI07 志井
34%
JB24 渡瀬
33%
木葉
33%
東市来
33%
広木
33%
JC03 原町
33%
肥前白石
33%
JK19 和多田
33%
大在
33%
竜ケ水
33%
郡元
33%
南久留米
33%
三重町
33%
JC17 小竹
32%
肥前竜王
32%
肥前大浦
32%
豊前松江
32%
石打ダム
32%
開聞
32%
小城
32%
JI06 志井公園
32%
串間
32%
有佐
31%
JC25 東水巻
31%
鬼塚
31%
豊前善光寺
31%
暘谷
31%
田主丸
31%
光岡
31%
平成
31%
南郷
31%
富合
30%
千丁
30%
木場茶屋
30%
薩摩松元
30%
JC09 九郎原
30%
JC07 筑前山手
30%
JH07 伊賀屋
30%
大塔
30%
幸崎
30%
日向新富
30%
三股
30%
30%
真幸
30%
宇宿
30%
東多久
30%
中多久
30%
彼杵
30%
筑後吉井
30%
JI11 香春
30%
子供の国
30%
飫肥
30%
小川
29%
JC22 鞍手
29%
JC21 筑前植木
29%
JC16 鯰田
29%
JH04 中原
29%
JK15 鹿家
29%
JK16 浜崎
29%
高橋
29%
椎田
29%
大神
29%
清武
29%
JD14 須恵中央
29%
青島
29%
JC23 筑前垣生
28%
小長井
28%
大町
28%
東都農
28%
慈眼寺
28%
南由布
28%
JG04 筑前山家
28%
西里
27%
JK13 大入
27%
日宇
27%
豊前長洲
27%
浅海井
27%
門川
27%
川南
27%
大野下
26%
肥後伊倉
26%
湯之元
26%
JC18 勝野
26%
JC12 天道
26%
湯江
26%
市布
26%
肥前古賀
26%
西浦上
26%
JK10 加布里
26%
北川
26%
土々呂
26%
美々津
26%
加治木
26%
JD04 奈多
26%
JD09 土井
26%
嘉例川
26%
薩摩今和泉
26%
竹松
26%
天ケ瀬
26%
向之原
26%
中判田
26%
豊後荻
26%
油津
26%
JE04 奥洞海
26%
JC15 浦田
25%
JC05 門松
25%
牛津
25%
肥前七浦
25%
天津
25%
豊後豊岡
25%
高城
25%
佐志生
25%
田野
25%
薩摩板敷
25%
本牟田部
25%
南風崎
25%
古国府
25%
武蔵塚
25%
肥前飯田
24%
小江
24%
JK11 一貴山
24%
上有田
24%
今津
24%
西屋敷
24%
上臼杵
24%
海崎
24%
日向長井
24%
南日向
24%
日向住吉
24%
青井岳
24%
錦江
24%
帖佐
24%
霧島温泉
24%
厳木
24%
川棚
24%
赤水
24%
JC20 新入
23%
肥前長田
23%
坂ノ市
23%
日代
23%
直川
23%
市棚
23%
財部
23%
JD08 舞松原
23%
JD15 新原
23%
一勝地
23%
五位野
23%
東海学園前
23%
JI05 石田
23%
福島今町
23%
えびの飯野
23%
JE02 本城
23%
JE03 二島
23%
JK09 美咲が丘
22%
JK14 福吉
22%
上伊万里
22%
三毛門
22%
立石
22%
狩生
22%
加納
22%
日向沓掛
22%
餅原
22%
大隅大川原
22%
重富
22%
JD12 酒殿
22%
坂本
22%
西人吉
22%
平川
22%
二月田
22%
東開聞
22%
薩摩塩屋
22%
御井
22%
善導寺
22%
筑後大石
22%
豊後中村
22%
賀来
22%
犬飼
22%
いこいの村
22%
三里木
22%
豊前川崎
22%
北郷
22%
福島高松
22%
大隅夏井
22%
西小林
22%
高原
22%
JE05 藤ノ木
22%
高田
21%
西相知
21%
北方
21%
三河内
21%
熊崎
21%
直見
21%
旭ケ丘
21%
財光寺
21%
矢岳
21%
豊後三芳
21%
庄内
21%
三間坂
20%
下ノ江
20%
山之口
20%
白石
20%
球泉洞
20%
日当山
20%
石垣
20%
頴娃大川
20%
千綿
20%
松原
20%
筑後草野
20%
敷戸
20%
JI09 呼野
20%
京町温泉
20%
JG03 筑前内野
20%
長里
19%
肥前久保
19%
肥前長野
19%
桃川
19%
蓮ケ池
19%
坂之上
19%
中名
19%
前之浜
19%
水成川
19%
野矢
19%
湯平
19%
豊後国分
19%
滝尾
19%
豊後清川
19%
原水
19%
西添田
19%
運動公園
19%
えびの上江
19%
東園
18%
道ノ尾
18%
大川野
18%
上岡
18%
北永野田
18%
網田
18%
瀬々串
18%
生見
18%
薩摩川尻
18%
御領
18%
白沢
18%
岩屋
18%
相知
18%
豊後中川
18%
緒方
18%
瀬田
18%
内海
18%
小内海
18%
大堂津
18%
東高崎
18%
JG02 上穂波
18%
JJ05 船尾
18%
大草
17%
駒鳴
17%
五十市
17%
入野
17%
松ケ浦
17%
鬼瀬
17%
鶴丸
17%
佐里
16%
金石原
16%
永尾
16%
大隅横川
16%
表木山
16%
宮ケ浜
16%
諏訪
16%
JI08 石原町
16%
木花
16%
JJ02 上三緒
16%
本川内
15%
北俣
15%
住吉
15%
肥後長浜
15%
葉木
15%
杉河内
15%
北山田
15%
恵良
15%
引治
15%
小野屋
15%
竹中
15%
竜田口
15%
JI12 一本松
15%
赤瀬
14%
栗野
14%
中福良
14%
小串郷
14%
岩松
14%
天神山
14%
朝地
14%
玉来
14%
波野
14%
内牧
14%
南方
14%
折生迫
14%
伊比井
14%
日向大束
14%
日向北方
14%
高崎新田
14%
JJ03 下鴨生
14%
JJ04 筑前庄内
14%
緑川
13%
波多浦
13%
池尻
13%
曽山寺
13%
榎原
13%
瀬戸石
12%
吉尾
12%
市ノ川
12%
植村
11%
菅尾
11%
滝水
11%
内之田
11%
谷之口
11%
鎌瀬
10%
海路
10%
那良口
10%
広原
10%
日向前田
10%
万ケ塚
10%
日向庄内
10%
谷頭
7%
No matching quizzes found
Score Distribution
Percent of People with Each Score
Percentile by Number Answered
Your Score History
You have not taken this quiz since the last reset